Statistics for The Top 15 Baltimore Ravens Players Of All Time

Click here to take the quiz!

General Stats

  • This quiz has been taken 37 times
  • The average score is 8 of 15

Answer Stats

HintAnswer% Correct
1Ray Lewis
100%
2Ed Reed
89%
14Lamar Jackson
89%
5Jamal Lewis
85%
8Joe Flacco
81%
3Terrell Suggs
67%
12Ray Rice
59%
4Jonathan Ogden
52%
11Justin Tucker
48%
7Rod Woodson
26%
15Todd Heap
26%
13Chris McAlister
22%
9Marshall Yanda
11%
6Haloti Ngata
4%
10Michael McCrary
4%

Score Distribution

Percentile by Number Answered

Percent of People with Each Score

Your Score History

You have not taken this quiz